| 000 | 00408 a2200133 4500 | ||
|---|---|---|---|
| 001 | 89154 | ||
| 082 | _a305.5 SAA | ||
| 090 |
_c42103 _d42103 |
||
| 100 | _aSaad ullah Jan Burq | ||
| 245 | _aAskariat aur raghiat ; tanizaat aur awami istehsaal ka tarikhi pase manzar | ||
| 260 |
_aLahore _bNarratives _c2011 |
||
| 300 | _a220 p. | ||
| 650 |
_aconflict management- history _cfundamentalism; public exploitation |
||
| 942 |
_aCAE NUST _k305.5 SAA |
||
| 999 |
_c324227 _d324227 |
||